000 00295nam a22001457a 4500
008 210511b ||||| |||| 00| 0 eng d
020 _a9780892368877
041 _aeng
080 _a7
082 _a7
100 _a44
101 _aART
245 _aGetty Museum
_cJ. Paul
942 _2udc
_cBK
999 _c57157
_d57157